LEADER 01052nam0 22002651i 450 001 SUN0026197 005 20050301120000.0 100 $a20041020d1987 |0itac50 ba 101 $aita 102 $aIT 105 $a|||| ||||| 200 1 $aArchivio d'architettura$ecatalogo ragionato degli edifici contemporanei, 1985$fPaolo Giambartolomei 210 $aRoma$cOfficina$d1987 215 $a362 p.$cill.$d24 cm. 606 $aArchitettura$x1965-1985$2FI$3SUNC011876 620 $dRoma$3SUNL000360 676 $a724.91$v21 700 1$aGiambartolomei$b, Paolo$3SUNV021808$010490 712 $aOfficina$3SUNV000156$4650 801 $aIT$bSOL$c20181109$gRICA 912 $aSUN0026197 950 $aBIBLIOTECA DEL DIPARTIMENTO DI ARCHITETTURA E DISEGNO INDUSTRIALE$d01 PREST IIAa40 $e01 27895 995 $aBIBLIOTECA DEL DIPARTIMENTO DI ARCHITETTURA E DISEGNO INDUSTRIALE$bIT-CE0107$h27895$kPREST IIAa40$op$qa 996 $aArchivio d'architettura$91432338 997 $aUNICAMPANIA LEADER 01093nam0-2200361-#-450- 001 990001125280203316 005 20030116104256.0 035 $a000112528 035 $aUSA01000112528 035 $a(ALEPH)000112528USA01 035 $a000112528 100 $a20030116d1963----km-y0enga50------ba 101 0 $aita 102 $aIT 105 $ay|||z|||001yy 200 1 $aCiviltà unamistica faentina$fAugusto Campana 210 $aFaenza$cStab. grafico F.lli Lega$d1963 215 $a346 p.$d25 cm 300 $aEstr. da: Il Liceo torricelli nel primo centenario della sua fondazione 1860-61. - Faenza, 1960. 606 $aUmanesimo$yFaenza 607 $aFaenza$xStoria 676 $a945.47 700 1$aCAMPANA,$bAugusto$0153777 801 0$aIT$bSalbc$cISBD 912 $a990001125280203316 951 $aPAP 1398$bLM$cPAP$d00084649 959 $aBK 969 $aUMA 979 $aCHIARA$b90$c20030116$lUSA01$h1042 979 $aCHIARA$b90$c20030116$lUSA01$h1042 979 $aPATRY$b90$c20040406$lUSA01$h1718 996 $aCiviltà unamistica faentina$9981911 997 $aUNISA LEADER 01085nam a2200265 i 4500 001 991000431529707536 005 20231012095611.0 008 940630s1993 it ||| | ita 035 $ab1007658x-39ule_inst 035 $aLE02515909 040 $aFac. Economia$bita 082 04$a346.4507802632 082 04$a348.023 110 1 $aItalia$0423419 245 10$aCodice del fallimento e dell'amministrazione straordinaria :$bcommentato con la dottrina e la giurisprudenza /$cdi Giovanni Lo Cascio 260 $aMilano :$bIpsoa scuola d'impresa,$cc1993 300 $aVII, 1427 p. ;$c20 cm 650 4$aFallimento$xLegislazione 700 1 $aLo Cascio, Giovanni$eauthor$4http://id.loc.gov/vocabulary/relators/aut$0112104 907 $a.b1007658x$b21-09-06$c27-06-02 912 $a991000431529707536 945 $aLE025 348.027 LOC01.01 (deposito)$g1$i2025000014619$lle025$o-$pE0.00$q-$rn$so$t0$u0$v0$w0$x0$y.i10086924$z27-06-02 996 $aCodice del fallimento e dell'amministrazione straordinaria$91444454 997 $aUNISALENTO 998 $ale025$b01-01-94$cm$da$e-$fita$git$h0$i1